Normal view
MARC view
Entry Personal Name
001 - CONTROL NUMBER
- control field: 254755
003 - CONTROL NUMBER IDENTIFIER
- control field: OSt
005 - DATE AND TIME OF LATEST TRANSACTION
- control field: 20220925181758.0
008 - FIXED-LENGTH DATA ELEMENTS
- fixed length control field: 220925|| aca||aabn | a|a d
040 ## - CATALOGING SOURCE
- Original cataloging agency: OSt
- Transcribing agency: OSt
100 ## - HEADING--PERSONAL NAME
- Personal name: Thomas Jack R
670 ## - SOURCE DATA FOUND
- Source citation: Work cat.: (OSt)500262: Patsouras Louis 254754, Varieties and problems of twemtieth century socialism, 2000
